<?xml version="1.0" encoding="UTF-8"?>
<record
    xmlns:xsi="http://www.w3.org/2001/XMLSchema-instance"
    xsi:schemaLocation="http://www.loc.gov/MARC21/slim http://www.loc.gov/standards/marcxml/schema/MARC21slim.xsd"
    xmlns="http://www.loc.gov/MARC21/slim">

  <leader>00516nam a22001817a 4500</leader>
  <controlfield tag="003">UA-OsUOA</controlfield>
  <controlfield tag="001"> 8768 </controlfield>
  <controlfield tag="007">ta</controlfield>
  <controlfield tag="008">20040818b un ||||| |||| 00| 0 ukr d</controlfield>
  <datafield tag="100" ind1=" " ind2=" ">
    <subfield code="a">&#x41A;&#x430;&#x440;&#x430;&#x43A;&#x43E;&#x437; &#x41E;.</subfield>
  </datafield>
  <datafield tag="942" ind1=" " ind2=" ">
    <subfield code="c">SA</subfield>
  </datafield>
  <datafield tag="040" ind1=" " ind2=" ">
    <subfield code="a">UA-OsUOA</subfield>
    <subfield code="c">UA-OsUOA</subfield>
    <subfield code="d">UA-OsUOA</subfield>
  </datafield>
  <datafield tag="245" ind1=" " ind2=" ">
    <subfield code="a">&#x411;&#x456;&#x431;&#x43B;&#x456;&#x43E;&#x442;&#x435;&#x43A;&#x430; &#x44F;&#x43A; &#x441;&#x43A;&#x43B;&#x430;&#x434;&#x43D;&#x438;&#x43A; &#x441;&#x438;&#x441;&#x442;&#x435;&#x43C;&#x438; &#x440;&#x430;&#x434;&#x44F;&#x43D;&#x441;&#x44C;&#x43A;&#x438;&#x445; &#x456;&#x434;&#x435;&#x43E;&#x43B;&#x43E;&#x433;&#x456;&#x447;&#x43D;&#x438;&#x445; &#x456;&#x43D;&#x441;&#x442;&#x438;&#x442;&#x443;&#x446;&#x456;&#x439; &#x443; 1919-1923 &#x440;&#x440;.</subfield>
  </datafield>
  <datafield tag="300" ind1=" " ind2=" ">
    <subfield code="a">&#x421;.29-32</subfield>
  </datafield>
  <datafield tag="955" ind1=" " ind2=" ">
    <subfield code="a">0</subfield>
  </datafield>
  <datafield tag="773" ind1="0" ind2=" ">
    <subfield code="w">0</subfield>
  </datafield>
  <datafield tag="650" ind1=" " ind2="7">
    <subfield code="a">&#x406;&#x441;&#x442;&#x43E;&#x440;&#x456;&#x44F;</subfield>
    <subfield code="2">UDC</subfield>
  </datafield>
  <datafield tag="999" ind1=" " ind2=" ">
    <subfield code="c">294929</subfield>
    <subfield code="d">294929</subfield>
  </datafield>
</record>
